000 00648cam a2200229 4500500
005 20260405002110.0
041 _afre
042 _adc
100 1 0 _aLaurent, Alain
_eauthor
245 0 0 _aUne morale fondée en raison
260 _c2015.
500 _a13
690 _aAlain Laurent
690 _aAyn Rand
690 _aÉgoïsme
690 _aJohn Galt
690 _aLa Grève
690 _aLibertarisme
690 _aObjectivisme
786 0 _nPhilosophie magazine | 94 | 11 | 2015-11-01 | p. 40-40 | 1951-1787
856 4 1 _uhttps://shs.cairn.info/magazine-philosophie-magazine-2015-11-page-40?lang=fr&redirect-ssocas=7080
999 _c2054222
_d2054222